| 000 | 00726nam a2200253Ia 4500 | ||
|---|---|---|---|
| 003 | OSt | ||
| 005 | 20220928131342.0 | ||
| 006 | a|||||r|||| 00| 0 | ||
| 007 | ta | ||
| 008 | 220927b |||||||| |||| 00| 0 eng d | ||
| 020 | _cUKP 60.00 | ||
| 024 | _a133615 | ||
| 037 |
_b105, 14/03/2017, Aviva Books Company _cTextual |
||
| 040 |
_aSDCL _cSDCL _beng |
||
| 041 |
_2eng _aeng |
||
| 082 | _aL72, Q6 | ||
| 100 |
_aLuo Liqun _9438413 |
||
| 245 | 0 | _aPrinciples of neurobiology | |
| 260 |
_aNew York _b Garland Science _c2016 |
||
| 300 |
_axxiv,611p+G:1 to I:26p _ccm. |
||
| 650 | _aBiophysics | ||
| 942 |
_hL72, Q6 _cTEXL _2CC |
||
| 999 |
_c790292 _d790292 |
||